[Event "12th World Teams 2019"]
[Site "Astana KAZ"]
[Date "2019.03.07"]
[Round "3.5"]
[Board "1"]
[White "Maghsoodloo, Parham"]
[Black "Grandelius, Nils"]
[Result "1-0"]
[WhiteTitle "GM"]
[BlackTitle "GM"]
[WhiteElo "2673"]
[BlackElo "2694"]
[WhiteTeam "Iran"]
[BlackTeam "Sweden"]
[WhiteFideId "12539929"]
[BlackFideId "1710400"]
[EventDate "2019.03.05"]

1. Nf3 c5 2. g3 g6 3. Bg2 Bg7 4. O-O Nc6 5. c3 e5 6. e4 Nge7 7. d3 O-O 8. a3 a5
9. a4 d5 10. Na3 d4 11. cxd4 cxd4 12. Nc4 Rb8 13. b3 b5 14. axb5 Rxb5 15. Ba3
Nb4 16. Bxb4 axb4 17. Nfd2 Be6 18. Ra6 Bc8 19. Ra7 Nc6 20. Ra8 Qc7 21. f4 exf4
22. gxf4 Be6 23. Rxf8+ Bxf8 24. Qf3 Na5 25. e5 Be7 26. Qg3 f5 27. h4 Qd8 28. h5
Kg7 29. Bf3 g5 30. fxg5 Bxg5 31. Be4 fxe4 32. Nxe4 Kh6 33. Ncd6 Rb6 34. Rf6+
Bxf6 35. exf6 Qg8 36. Nf5+ Bxf5 37. Qxg8 1-0

[Event "12th World Teams 2019"]
[Site "Astana KAZ"]
[Date "2019.03.07"]
[Round "3.5"]
[Board "2"]
[White "Tikkanen, Hans"]
[Black "Idani, Pouya"]
[Result "1/2-1/2"]
[WhiteTitle "GM"]
[BlackTitle "GM"]
[WhiteElo "2510"]
[BlackElo "2604"]
[WhiteTeam "Sweden"]
[BlackTeam "Iran"]
[WhiteFideId "1706446"]
[BlackFideId "12510130"]
[EventDate "2019.03.05"]

1. Nf3 f5 2. d3 d6 3. c4 e5 4. Nc3 Nf6 5. g3 Be7 6. Bg2 O-O 7. O-O a5 8. a3 Qe8
9. Nd5 Nxd5 10. cxd5 a4 11. b4 c6 12. Nd2 b5 13. Nb1 Bb7 14. Nc3 Na6 15. dxc6
Bxc6 16. Nd5 Rc8 17. Bb2 Qf7 18. Nxe7+ Qxe7 19. Rc1 Bxg2 20. Kxg2 Qb7+ 21. f3
Rxc1 22. Qxc1 f4 23. e4 fxe3 24. Qxe3 Nc7 25. d4 Nd5 26. Qd3 exd4 27. Bxd4 Ne7
28. Re1 Nf5 29. Bf2 h5 30. Rd1 Ne7 31. Qe4 Qd7 32. Re1 Nf5 33. Qd5+ Qf7 34. Rd1
Re8 35. Qxb5 Re3 36. Qd5 Rxa3 37. Qa8+ Kh7 38. Qe4 Qg6 39. Rd5 Ne3+ 40. Bxe3
Qxe4 41. fxe4 Rxe3 42. Rxh5+ Kg6 43. Ra5 Rxe4 44. Rxa4 Re2+ 45. Kf3 Rxh2 46. Ra3
Rb2 47. Rd3 Rxb4 48. Rxd6+ Kf7 1/2-1/2

[Event "12th World Teams 2019"]
[Site "Astana KAZ"]
[Date "2019.03.07"]
[Round "3.5"]
[Board "3"]
[White "Tabatabaei, M.amin"]
[Black "Smith, Axel"]
[Result "1-0"]
[WhiteTitle "GM"]
[BlackTitle "GM"]
[WhiteElo "2600"]
[BlackElo "2487"]
[WhiteTeam "Iran"]
[BlackTeam "Sweden"]
[WhiteFideId "12521213"]
[BlackFideId "1707930"]
[EventDate "2019.03.05"]

1. Nf3 d5 2. g3 c5 3. Bg2 Nf6 4. O-O Nc6 5. d4 cxd4 6. Nxd4 e5 7. Nxc6 bxc6 8.
c4 Be6 9. Nc3 Rc8 10. cxd5 cxd5 11. Qa4+ Qd7 12. Qxd7+ Kxd7 13. Rd1 Bc5 14. Na4
Bd6 15. Bg5 e4 16. Be3 Rc7 17. Bd4 Rb8 18. e3 Ke7 19. Nc3 Ne8 20. Bf1 Rcb7 21.
a4 f6 22. a5 Nc7 23. a6 Rxb2 24. Na4 R2b4 25. Bxa7 Ra8 26. Bd4 Rxa6 27. Bxa6
Nxa6 28. Rdb1 h6 29. Rxb4 Nxb4 30. Rb1 Nc6 31. Rb7+ Kf8 32. Bc5 Bxc5 33. Nxc5
Bh3 34. Rb6 Ne7 35. Rd6 Kf7 36. Na6 Bc8 37. Nc7 Bb7 38. Kf1 g5 39. Ke1 h5 40.
Nb5 Bc8 41. Nd4 Kg6 42. Kd2 Bh3 43. Rd8 Kg7 44. Kc3 Ng6 45. Nc6 Be6 46. Rd6 Bf7
47. Kd4 h4 48. Rd7 Kf8 49. Rc7 hxg3 50. hxg3 Ke8 51. Kc5 Kf8 52. Kd6 Bg8 53. Rb7
f5 54. Ne5 Nh8 55. Ra7 f4 56. Rc7 fxe3 57. fxe3 g4 58. Ra7 Nf7+ 59. Nxf7 Bxf7
60. Rxf7+ Kxf7 61. Kxd5 1-0

[Event "12th World Teams 2019"]
[Site "Astana KAZ"]
[Date "2019.03.08"]
[Round "4.3"]
[Board "1"]
[White "Swiercz, Dariusz"]
[Black "Jumabayev, Rinat"]
[Result "1/2-1/2"]
[WhiteTitle "GM"]
[BlackTitle "GM"]
[WhiteElo "2655"]
[BlackElo "2609"]
[WhiteTeam "United States of America"]
[BlackTeam "Kazakhstan"]
[WhiteFideId "1126881"]
[BlackFideId "13702661"]
[EventDate "2019.03.05"]

1. e4 e5 2. Nf3 Nc6 3. Bc4 Bc5 4. O-O Nf6 5. d3 a6 6. c3 d6 7. a4 O-O 8. Re1 h6
9. h3 Re8 10. Nbd2 Be6 11. Bxe6 Rxe6 12. b4 Ba7 13. Qc2 Qd7 14. Nf1 d5 15. Ng3
Rd8 16. Bb2 b5 17. Qb3 dxe4 18. dxe4 Rd6 19. axb5 axb5 20. Nf5 Rd3 21. Rxa7 Rxf3
22. gxf3 Nxa7 23. c4 Qd2 24. Qc3 bxc4 25. Qxd2 Rxd2 26. Bxe5 Nc6 27. Bxf6 gxf6
28. Rc1 Nd4 29. Rxc4 Nxf5 30. exf5 Rb2 31. Kg2 Kf8 32. Kg3 Rb3 33. Kg4 Kg7 34.
Kf4 Kf8 35. Kg3 Kg7 36. Kg4 Kf8 37. Kf4 Ke8 38. Re4+ Kf8 39. Rc4 Ke8 40. Re4+
Kf8 41. Rd4 Ke7 42. Kg4 Kf8 43. Kg3 Rc3 44. Rd8+ Kg7 45. Rd5 Rc4 46. Rb5 Kf8 47.
Rb8+ Kg7 48. b5 Kh7 49. Rb7 Kg7 50. f4 Rc3+ 51. Kg2 h5 52. h4 Kf8 53. b6 cxb6
54. Rxb6 Kg7 55. Ra6 1/2-1/2

[Event "12th World Teams 2019"]
[Site "Astana KAZ"]
[Date "2019.03.08"]
[Round "4.3"]
[Board "2"]
[White "Ismagambetov, Anuar"]
[Black "Sevian, Samuel"]
[Result "1/2-1/2"]
[WhiteTitle "GM"]
[BlackTitle "GM"]
[WhiteElo "2545"]
[BlackElo "2642"]
[WhiteTeam "Kazakhstan"]
[BlackTeam "United States of America"]
[WhiteFideId "13701525"]
[BlackFideId "2040506"]
[EventDate "2019.03.05"]

1. e4 e5 2. Nf3 Nc6 3. Bb5 Nf6 4. d3 Bc5 5. c3 d6 6. O-O O-O 7. Nbd2 Ne7 8. d4
exd4 9. cxd4 Bb6 10. Re1 Bg4 11. h3 Bh5 12. a4 a6 13. Bf1 Nc6 14. a5 Bxf3 15.
Nxf3 Bxa5 16. Re2 d5 17. Bg5 dxe4 18. Rxe4 Bb6 19. Rh4 Qd6 20. Bd3 Rfe8 21. Bf4
Qd5 22. Bg5 Qd6 23. Bf4 Qd5 24. Bg5 Ne4 25. Be3 Nb4 26. Bf1 c6 27. Ne5 Rxe5 28.
dxe5 Bxe3 29. fxe3 Qxe5 30. Qb3 g5 31. Qxb4 gxh4 32. Bd3 Ng3 33. Re1 Qf6 34.
Qxb7 Rd8 35. Qxa6 Qxb2 36. Qc4 Qd2 37. Bxh7+ Kh8 38. Rb1 Qxe3+ 39. Kh2 Qf2 40.
Bc2 Ne2 41. Rf1 Qxf1 42. Qxh4+ Kg7 43. Qg5+ Kf8 44. Qxd8+ Kg7 45. Qg5+ Kf8 1/2-1/2

[Event "12th World Teams 2019"]
[Site "Astana KAZ"]
[Date "2019.03.08"]
[Round "4.3"]
[Board "3"]
[White "Lenderman, Aleksandr"]
[Black "Kazhgaleyev, Murtas"]
[Result "1-0"]
[WhiteTitle "GM"]
[BlackTitle "GM"]
[WhiteElo "2637"]
[BlackElo "2587"]
[WhiteTeam "United States of America"]
[BlackTeam "Kazakhstan"]
[WhiteFideId "2021285"]
[BlackFideId "13700316"]
[EventDate "2019.03.05"]

1. d4 d6 2. Nf3 g6 3. c4 Bg7 4. e4 Bg4 5. Be2 Bxf3 6. Bxf3 Nc6 7. Be3 e5 8. d5
Nd4 9. Bxd4 exd4 10. O-O Ne7 11. Nd2 O-O 12. Rb1 c5 13. Be2 f5 14. Bd3 f4 15.
Nf3 Nc8 16. Re1 Qe7 17. b4 cxb4 18. e5 dxe5 19. Nxd4 Nb6 20. Ne6 Rfc8 21. Qb3
Nd7 22. Qxb4 Qxb4 23. Rxb4 b6 24. Rb5 a6 25. Rb3 Bf8 26. g3 Bd6 27. Kg2 Rab8 28.
Kf3 fxg3 29. fxg3 Nf6 30. Ng5 Rf8 31. Kg2 Rfe8 32. Rf1 Kg7 33. Be4 Re7 34. Bc2
e4 35. Ne6+ Rxe6 36. dxe6 Bc5 37. g4 h6 38. h4 Rd8 39. Rd1 Rxd1 40. Bxd1 g5 41.
hxg5 hxg5 42. Be2 Kf8 43. Rb1 Ke7 44. Rf1 Kxe6 45. Rf5 Be3 46. c5 b5 47. c6 Bf4
48. Bd1 Ne8 49. Bc2 e3 50. Kf3 Kd6 51. Be4 Nc7 52. Ke2 Ne6 53. Rd5+ Ke7 54. Rd7+
Kf6 55. Bc2 Nc7 56. Bb3 a5 57. Rf7+ Kg6 58. Rf5 a4 59. Bc2 Kg7 60. Bd3 Ne6 61.
Rd5 b4 62. Bc4 Nc7 63. Ra5 b3 64. axb3 axb3 65. Bxb3 Kf6 66. Bd5 Ke7 67. Bf3 Kd6
68. Kd3 Ke6 69. Kc4 Kd6 70. Ra3 Ke6 71. Rd3 Kf6 72. Rd1 Ke5 73. Rd7 Kf6 74. Kc5
Ne6+ 75. Kb6 Be5 76. c7 Bxc7+ 77. Rxc7 Nd4 78. Rc5 e2 79. Bxe2 Nxe2 80. Rf5+ Kg6
81. Kc5 Nf4 82. Kd4 Ng2 83. Ke4 Nh4 84. Rf2 Kg7 85. Ke5 Kg6 86. Ke6 Kg7 87. Rf7+
Kg6 88. Rf8 Kg7 89. Ra8 Kh6 90. Kf6 1-0

[Event "12th World Teams 2019"]
[Site "Astana KAZ"]
[Date "2019.03.08"]
[Round "4.3"]
[Board "4"]
[White "Makhnev, Denis"]
[Black "Izoria, Zviad"]
[Result "1-0"]
[WhiteTitle "IM"]
[BlackTitle "GM"]
[WhiteElo "2476"]
[BlackElo "2603"]
[WhiteTeam "Kazakhstan"]
[BlackTeam "United States of America"]
[WhiteFideId "13707647"]
[BlackFideId "13601733"]
[EventDate "2019.03.05"]

1. d4 Nf6 2. c4 e6 3. g3 c5 4. d5 exd5 5. cxd5 d6 6. Nc3 Be7 7. Bg2 O-O 8. Nf3
Re8 9. O-O Bf8 10. Nd2 Na6 11. Re1 Rb8 12. a4 Nb4 13. Nc4 b6 14. e4 Ba6 15. b3
Bxc4 16. bxc4 Nd7 17. Bb2 g6 18. f4 Bg7 19. Qd2 Bd4+ 20. Kh1 Qf6 21. Bh3 Rbd8
22. e5 dxe5 23. Ne4 Qg7 24. Bxd4 exd4 25. Bxd7 Rxd7 26. Nxc5 Rxe1+ 27. Rxe1 bxc5
28. Re8+ Qf8 29. Rxf8+ Kxf8 30. f5 Kg7 31. f6+ Kxf6 32. Qf4+ Ke7 33. Qe5+ Kd8
34. d6 Rb7 35. Qe4 1-0

[Event "12th World Teams 2019"]
[Site "Astana KAZ"]
[Date "2019.03.08"]
[Round "4.4"]
[Board "2"]
[White "Adly, Ahmed"]
[Black "Idani, Pouya"]
[Result "1/2-1/2"]
[WhiteTitle "GM"]
[BlackTitle "GM"]
[WhiteElo "2611"]
[BlackElo "2604"]
[WhiteTeam "Egypt"]
[BlackTeam "Iran"]
[WhiteFideId "10601619"]
[BlackFideId "12510130"]
[EventDate "2019.03.05"]

1. d4 Nf6 2. Nf3 d5 3. g3 e6 4. Bg2 Be7 5. O-O O-O 6. c4 Nbd7 7. Qc2 c6 8. Rd1
b6 9. b3 Bb7 10. Nc3 Ba6 11. e4 dxc4 12. Bf4 cxb3 13. axb3 Bb7 14. h3 Bb4 15.
Na2 Be7 16. Nc3 Bb4 17. Na2 Be7 18. Nh2 c5 19. d5 e5 20. Bc1 Ne8 21. Bb2 Nd6 22.
Ng4 f6 23. h4 Nb5 24. Qc4 Nd6 25. Qe2 a5 26. Ne3 a4 27. bxa4 Rxa4 28. Nc3 Ba6
29. Qg4 Rxa1 30. Rxa1 Bc8 31. Nf5 Nxf5 32. exf5 Bd6 33. Nb5 Nb8 34. h5 Na6 35.
Na7 Nc7 36. Bc1 Qd7 37. Be4 Bb7 38. Nc6 Ra8 39. Rxa8+ Bxa8 40. h6 Bf8 41. hxg7
Qxg7 42. Qd1 Nb5 43. Qa4 Nc3 44. Qxa8 Nxe4 45. Nd8 Qe7 46. Ne6 Kf7 47. g4 Qd6
48. f4 h6 49. fxe5 fxe5 50. Bb2 Be7 51. Qh8 Bf6 52. Qxh6 c4 53. g5 Qb4 54. Qh5+
Ke7 55. gxf6+ Nxf6 56. Qe2 c3 57. Bc1 Kd6 58. Ng5 Kxd5 59. Qa2+ Qc4 60. Qa8+ Qc6
61. Qa2+ Qc4 62. Qg2+ e4 63. Ne6 Qb3 64. Qf1 c2 65. Qf2 Qc3 66. Kg2 Ng4 67. Qe2
Qf3+ 68. Qxf3 exf3+ 69. Kxf3 Ne5+ 70. Ke3 Nc4+ 71. Kd3 b5 72. Nc7+ Kc6 73. Ne8
Ne5+ 74. Kxc2 Nf3 75. Kd3 Kd5 76. Bb2 Ne5+ 77. Ke2 Nc4 78. Nc7+ Kc6 79. f6 Kd7
80. Bc3 Nd6 81. Nd5 Ke6 82. Nf4+ Kf5 83. Kf3 Ne4 84. Nd5 b4 85. Ne3+ Ke6 86.
Bxb4 Nxf6 87. Be1 Nd5 88. Nc2 Nf6 89. Bg3 Kd5 90. Ke3 Ke6 91. Kd4 Nh5 92. Be5
Nf6 93. Ne3 Nd7 94. Bh2 Nf6 95. Ng2 Kf5 96. Bb8 Ke6 97. Nh4 Nd7 98. Bc7 Nf6 99.
Nf3 Kf5 100. Kd3 Ke6 101. Bd8 Ne8 102. Kd4 Nf6 103. Bxf6 Kxf6 1/2-1/2

[Event "12th World Teams 2019"]
[Site "Astana KAZ"]
[Date "2019.03.08"]
[Round "4.4"]
[Board "3"]
[White "Tabatabaei, M.amin"]
[Black "Hesham, Abdelrahman"]
[Result "1-0"]
[WhiteTitle "GM"]
[BlackTitle "GM"]
[WhiteElo "2600"]
[BlackElo "2450"]
[WhiteTeam "Iran"]
[BlackTeam "Egypt"]
[WhiteFideId "12521213"]
[BlackFideId "10600183"]
[EventDate "2019.03.05"]

1. d4 d5 2. c4 e6 3. Nc3 Nf6 4. cxd5 Nxd5 5. e4 Nxc3 6. bxc3 c5 7. Nf3 cxd4 8.
cxd4 Bb4+ 9. Bd2 Bxd2+ 10. Qxd2 O-O 11. Bc4 Nd7 12. O-O b6 13. Rfe1 Bb7 14. Rad1
Rc8 15. Bb3 Qf6 16. d5 e5 17. h3 Nc5 18. Bc2 Rfd8 19. Re3 Rc7 20. Nh2 Bc8 21.
Rf3 Qd6 22. Nf1 Ne6 23. dxe6 Qxd2 24. Rxd2 Rxd2 25. Nxd2 Rxc2 26. e7 Bd7 27. Rd3
Be8 28. Rd8 f6 29. Rxe8+ Kf7 30. Ra8 1-0

[Event "12th World Teams 2019"]
[Site "Astana KAZ"]
[Date "2019.03.08"]
[Round "4.5"]
[Board "3"]
[White "Blomqvist, Erik"]
[Black "Guseinov, Gadir"]
[Result "1-0"]
[WhiteTitle "GM"]
[BlackTitle "GM"]
[WhiteElo "2488"]
[BlackElo "2664"]
[WhiteTeam "Sweden"]
[BlackTeam "Azerbaijan"]
[WhiteFideId "1709437"]
[BlackFideId "13401378"]
[EventDate "2019.03.05"]

1. e4 c5 2. Nf3 Nc6 3. d4 cxd4 4. Nxd4 g6 5. c4 Bg7 6. Be3 Nf6 7. Nc3 O-O 8. Be2
d6 9. O-O Bd7 10. h3 a5 11. Ndb5 a4 12. Rc1 Qa5 13. f4 Rfc8 14. Qe1 Be8 15. Qf2
Nd7 16. Bg4 Nb4 17. Qe2 Ra6 18. Rfd1 Qd8 19. e5 h5 20. Bf3 Rb8 21. exd6 exd6 22.
a3 Nc6 23. Nxd6 Qe7 24. c5 Nf6 25. Bf2 Bf8 26. Bh4 Raa8 27. Nde4 Nxe4 28. Bxe7
Nxc3 29. Rxc3 Nxe7 30. g4 hxg4 31. hxg4 Bc6 32. Kg2 Re8 33. Re3 Ra5 34. Bxc6
bxc6 35. Rd7 Nd5 36. Rxd5 Rxe3 37. Qxe3 cxd5 38. c6 Rc5 39. Qxc5 1-0

[Event "12th World Teams 2019"]
[Site "Astana KAZ"]
[Date "2019.03.08"]
[Round "4.5"]
[Board "4"]
[White "Safarli, Eltaj"]
[Black "Johansson, Linus"]
[Result "0-1"]
[WhiteTitle "GM"]
[BlackTitle "IM"]
[WhiteElo "2662"]
[BlackElo "2479"]
[WhiteTeam "Azerbaijan"]
[BlackTeam "Sweden"]
[WhiteFideId "13402129"]
[BlackFideId "1711113"]
[EventDate "2019.03.05"]

1. e4 e6 2. d4 d5 3. Nd2 Nf6 4. e5 Nfd7 5. Bd3 c5 6. c3 Nc6 7. Ne2 cxd4 8. cxd4
f6 9. exf6 Nxf6 10. O-O Bd6 11. Nf3 Qc7 12. Nc3 a6 13. Re1 O-O 14. h3 h6 15. a3
g5 16. Bc2 Qg7 17. Ne5 Bxe5 18. dxe5 Nd7 19. b3 Ndxe5 20. Bb2 d4 21. Ne4 Ng6 22.
Nd6 e5 23. Be4 Qf6 24. Nxc8 Raxc8 25. Qd2 Nf4 26. Rac1 Rcd8 27. a4 Qd6 28. Rc4
d3 29. f3 Rfe8 30. Kh2 Qd7 31. Rec1 Ne2 32. Rxc6 bxc6 33. Rxc6 Qa7 34. Qd1 Qe3
35. Rg6+ Kf7 36. Rxh6 d2 37. Rh7+ Kg8 38. Bc2 Qf4+ 39. Kh1 Ng3+ 40. Kg1 Qe3+ 41.
Kh2 Qe1 0-1

[Event "12th World Teams 2019"]
[Site "Astana KAZ"]
[Date "2019.03.09"]
[Round "5.2"]
[Board "2"]
[White "Sasikiran, Krishnan"]
[Black "McShane, Luke J"]
[Result "0-1"]
[WhiteTitle "GM"]
[BlackTitle "GM"]
[WhiteElo "2678"]
[BlackElo "2661"]
[WhiteTeam "India"]
[BlackTeam "England"]
[WhiteFideId "5004985"]
[BlackFideId "404853"]
[EventDate "2019.03.05"]

1. e4 e5 2. Nf3 Nc6 3. Bc4 Nf6 4. d3 Bc5 5. c3 a6 6. a4 d6 7. O-O Ba7 8. b4 O-O
9. Re1 h6 10. h3 Ne7 11. d4 exd4 12. cxd4 d5 13. exd5 Nexd5 14. b5 axb5 15. axb5
Be6 16. Qb3 Bb6 17. Rxa8 Qxa8 18. Bd2 Ba5 19. Nc3 Bxc3 20. Bxc3 Re8 21. Bd2 Qc8
22. Re5 Qd7 23. Ne1 Nb6 24. Bxe6 Rxe6 25. Nd3 Rxe5 26. dxe5 Ne4 27. Be3 Qd5 28.
Qc2 Nc4 29. b6 c5 30. e6 Qxe6 31. Bxc5 Nxc5 32. Nxc5 Qe1+ 33. Kh2 Qe5+ 0-1

[Event "12th World Teams 2019"]
[Site "Astana KAZ"]
[Date "2019.03.09"]
[Round "5.2"]
[Board "3"]
[White "Howell, David W L"]
[Black "Ganguly, Surya Shekhar"]
[Result "1/2-1/2"]
[WhiteTitle "GM"]
[BlackTitle "GM"]
[WhiteElo "2693"]
[BlackElo "2633"]
[WhiteTeam "England"]
[BlackTeam "India"]
[WhiteFideId "410608"]
[BlackFideId "5002150"]
[EventDate "2019.03.05"]

1. Nf3 Nf6 2. g3 g6 3. Bg2 Bg7 4. c4 d6 5. d4 O-O 6. O-O Nbd7 7. Nc3 e5 8. e4
exd4 9. Nxd4 Nc5 10. h3 Re8 11. Re1 Bd7 12. Rb1 h6 13. b4 Ne6 14. Nxe6 Bxe6 15.
Nd5 a5 16. a3 axb4 17. axb4 Nxd5 18. cxd5 Bd7 19. Bb2 Bxb2 20. Rxb2 Qf6 21. Qd2
h5 22. h4 Bb5 23. Kh2 Re7 24. Rb3 Rae8 25. Rbe3 c6 26. Kg1 Kg7 27. Rd1 Ba4 28.
Rde1 Bb5 29. Rd1 Ba4 30. Rde1 1/2-1/2

[Event "12th World Teams 2019"]
[Site "Astana KAZ"]
[Date "2019.03.09"]
[Round "5.2"]
[Board "4"]
[White "Sethuraman, S.P."]
[Black "Jones, Gawain C B"]
[Result "1-0"]
[WhiteTitle "GM"]
[BlackTitle "GM"]
[WhiteElo "2637"]
[BlackElo "2681"]
[WhiteTeam "India"]
[BlackTeam "England"]
[WhiteFideId "5021596"]
[BlackFideId "409561"]
[EventDate "2019.03.05"]

1. e4 e5 2. Nf3 Nc6 3. Bb5 a6 4. Ba4 d6 5. O-O Bd7 6. c3 g6 7. d4 Bg7 8. Bg5 f6
9. Be3 Nh6 10. Re1 O-O 11. h3 Nf7 12. Nbd2 Qe7 13. Bc2 Ncd8 14. Nf1 Ne6 15. Qd2
a5 16. Ng3 Rfd8 17. Nh2 a4 18. b4 axb3 19. axb3 Qf8 20. d5 Nc5 21. b4 Na4 22. c4
b5 23. cxb5 Bxb5 24. Bb3 Qe8 25. Qc2 Qd7 26. Nf3 Bh6 27. Bxh6 Nxh6 28. Nf1 Rdc8
29. Ne3 Nb6 30. Ra5 Kg7 31. Rea1 Nf7 32. Nd2 Qe8 33. Ra7 Qd8 34. R1a5 Rxa7 35.
Rxa7 Bd7 36. Qc3 Kf8 37. Kh2 Bb5 38. Ra5 Bd7 39. Ra7 Bb5 40. Qc2 Bd7 41. Ndc4
Ra8 42. Ra5 Rb8 43. Qc3 Nxc4 44. Bxc4 Rb7 45. Bd3 Kg7 46. Qa3 f5 47. exf5 Qh4
48. Kg1 Qd4 49. fxg6 hxg6 50. b5 e4 51. Bf1 Ne5 52. Ra4 Qd2 53. Rxe4 Bxb5 54.
Rxe5 dxe5 55. Qe7+ Kg8 56. Bxb5 Qd4 57. Ng4 1-0

[Event "12th World Teams 2019"]
[Site "Astana KAZ"]
[Date "2019.03.09"]
[Round "5.3"]
[Board "3"]
[White "Guseinov, Gadir"]
[Black "Onischuk, Alexander"]
[Result "1/2-1/2"]
[WhiteTitle "GM"]
[BlackTitle "GM"]
[WhiteElo "2664"]
[BlackElo "2647"]
[WhiteTeam "Azerbaijan"]
[BlackTeam "United States of America"]
[WhiteFideId "13401378"]
[BlackFideId "14101025"]
[EventDate "2019.03.05"]

1. e4 e5 2. Nf3 Nc6 3. Bb5 a6 4. Bxc6 dxc6 5. O-O f6 6. d4 exd4 7. Nxd4 c5 8.
Ne2 Qxd1 9. Rxd1 Bd7 10. Nbc3 O-O-O 11. Be3 Re8 12. Rd2 Bc6 13. Rad1 b6 14. a4
Ne7 15. a5 Kb7 16. axb6 cxb6 17. f3 f5 18. Rd8 Rxd8 19. Rxd8 Kc7 20. Rd1 fxe4
21. fxe4 Ng6 22. Nf4 Be7 23. Ncd5+ Bxd5 24. Nxd5+ Kc6 25. Nxe7+ Nxe7 26. Bf4 Ng6
27. Rd6+ Kb5 28. Bg5 Re8 29. Bd8 Rxe4 30. Rxb6+ Kc4 31. Kf2 Rd4 32. Bg5 Rd5 33.
Be3 Ne5 34. h3 a5 35. Re6 h5 36. Ke2 a4 37. Bd2 Kb5 38. Bc3 Nc4 39. Rg6 a3 40.
b3 Nb2 41. Rxg7 Rd1 42. Ra7 Rc1 43. Kd2 Rd1+ 44. Ke3 Rc1 45. Kd2 Rd1+ 46. Ke2
Rc1 47. Ra5+ Kb6 48. Kd2 Rd1+ 49. Ke2 Rg1 50. Kf3 Rf1+ 51. Ke2 Rg1 52. Kf3 Rf1+ 1/2-1/2

[Event "12th World Teams 2019"]
[Site "Astana KAZ"]
[Date "2019.03.09"]
[Round "5.3"]
[Board "4"]
[White "Lenderman, Aleksandr"]
[Black "Abasov, Nijat"]
[Result "0-1"]
[WhiteTitle "GM"]
[BlackTitle "GM"]
[WhiteElo "2637"]
[BlackElo "2627"]
[WhiteTeam "United States of America"]
[BlackTeam "Azerbaijan"]
[WhiteFideId "2021285"]
[BlackFideId "13402960"]
[EventDate "2019.03.05"]

1. d4 Nf6 2. c4 e6 3. Nc3 d5 4. cxd5 exd5 5. Bg5 Be7 6. e3 c6 7. Bd3 Nbd7 8.
Nge2 Nf8 9. Qc2 Ne6 10. Bh4 g6 11. f3 b5 12. O-O O-O 13. Rad1 Re8 14. Qd2 a5 15.
Bf2 Bd7 16. Rc1 Rc8 17. Rfe1 b4 18. Na4 c5 19. Nxc5 Nxc5 20. dxc5 Rxc5 21. Nd4
Qb6 22. Rxc5 Bxc5 23. Bf1 h5 24. Rc1 Bd6 25. Bh4 Nh7 26. Qf2 Bf8 27. Bg3 Bg7 28.
Bc7 Qa7 29. Bf4 g5 30. Bd6 Qb6 31. Bc5 Qb8 32. Bd3 Qe5 33. Nb3 Qxb2 34. Qxb2
Bxb2 35. Rc2 Bc3 36. Nxa5 Nf8 37. Nb3 Ne6 38. Bd6 Ba4 39. Re2 Rd8 40. Bg3 h4 41.
Be1 Bxb3 42. axb3 d4 43. Kf1 Nc5 44. Bc4 d3 45. Rd2 Bxd2 46. Bxd2 Nd7 47. Bd5
Ne5 48. Be4 Kg7 49. h3 Nd7 50. Bd5 Nb6 51. Be4 Nd5 52. Bxd3 Nc3 53. Bxc3+ bxc3
54. Ke2 Kf6 55. b4 Ke5 56. b5 Rd6 0-1

[Event "12th World Teams 2019"]
[Site "Astana KAZ"]
[Date "2019.03.09"]
[Round "5.5"]
[Board "1"]
[White "Amin, Bassem"]
[Black "Grandelius, Nils"]
[Result "1-0"]
[WhiteTitle "GM"]
[BlackTitle "GM"]
[WhiteElo "2709"]
[BlackElo "2694"]
[WhiteTeam "Egypt"]
[BlackTeam "Sweden"]
[WhiteFideId "10601457"]
[BlackFideId "1710400"]
[EventDate "2019.03.05"]

1. e4 e5 2. Nf3 Nc6 3. d4 exd4 4. Nxd4 Bc5 5. Nb3 Bb6 6. Nc3 Nge7 7. Bg5 f6 8.
Bh4 a5 9. Bb5 Ne5 10. f4 N5g6 11. Bg3 c6 12. Bc4 Bc7 13. Qf3 b5 14. Bd3 a4 15.
Nd4 a3 16. b4 O-O 17. Nce2 Qe8 18. O-O Bb6 19. Kh1 d6 20. c4 bxc4 21. Bxc4+ Kh8
22. Rad1 f5 23. exf5 Bxf5 24. Bf2 Rb8 25. Qxa3 Be4 26. Ne6 Rf6 27. Bxb6 Nh4 28.
Rf2 Rxb6 29. Rxd6 Rb8 30. Ng3 Qg6 31. Qa7 Re8 32. Nxe4 Nc8 33. Nxf6 gxf6 34. Qd7
Nxd6 35. Qxd6 Nxg2 36. f5 Qg4 37. Qg3 1-0

[Event "12th World Teams 2019"]
[Site "Astana KAZ"]
[Date "2019.03.09"]
[Round "5.5"]
[Board "2"]
[White "Blomqvist, Erik"]
[Black "Adly, Ahmed"]
[Result "1/2-1/2"]
[WhiteTitle "GM"]
[BlackTitle "GM"]
[WhiteElo "2488"]
[BlackElo "2611"]
[WhiteTeam "Sweden"]
[BlackTeam "Egypt"]
[WhiteFideId "1709437"]
[BlackFideId "10601619"]
[EventDate "2019.03.05"]

1. e4 b6 2. d4 Bb7 3. Bd3 g6 4. Nf3 Bg7 5. O-O d6 6. c4 Nd7 7. Nc3 e6 8. Be3 Ne7
9. Rc1 O-O 10. d5 Nc5 11. Bb1 a5 12. b3 Qd7 13. Re1 exd5 14. exd5 Nf5 15. Bxf5
Qxf5 16. Nb5 Qd7 17. Bd4 f6 18. Bb2 Rae8 19. Qd2 c6 20. Nc3 f5 21. dxc6 Bxc6 22.
Nd4 Ba8 23. Rcd1 f4 24. Nd5 Rxe1+ 25. Rxe1 Bxd5 26. cxd5 Re8 27. Rxe8+ Qxe8 28.
Nf3 Bxb2 29. Qxb2 Qe4 30. h4 Qxd5 31. Qf6 Ne6 32. Ng5 Nxg5 33. hxg5 Qe5 34. Qd8+
Kf7 35. Qc7+ Qe7 36. Qxb6 Qe1+ 37. Kh2 Ke6 38. Qd8 Qxf2 39. Qf6+ Kd5 40. Qf7+
Kc6 41. Qe8+ Kc5 42. Qa4 Qg3+ 43. Kh1 Qe1+ 44. Kh2 Qc3 45. a3 Qd2 46. Qd7 Kb6
47. Qd8+ Kc6 48. Qa8+ Kc5 49. Qa7+ Kd5 50. Qxh7 f3 51. Qf7+ Kd4 52. Qf6+ Kc5 53.
Qxf3 Qxg5 54. Qc3+ Kb6 55. b4 Qf4+ 56. g3 Qf2+ 57. Kh3 a4 58. Qc1 d5 59. Qc3
Qf1+ 60. Kh2 Qc4 61. Qf6+ Kb5 62. Qxg6 Qa2+ 63. Kh3 Qxa3 64. Qd6 Qe3 65. Qxd5+
Kxb4 66. Qd6+ Kb3 67. Qd5+ Kb2 68. Qb5+ Ka3 69. Qb1 Qe6+ 70. Kh4 Qh6+ 71. Kg4
Qg7+ 72. Kh4 Qh8+ 73. Kg4 Qb2 74. Qd1 Qb3 75. Qa1+ Kb4 76. Qe1+ Qc3 77. Qb1+ Kc5
78. Qf5+ Kc4 79. Qf7+ Kb4 80. Qb7+ Ka3 81. Kh3 Qh8+ 82. Kg4 Qb2 83. Qd5 Qb3 84.
Qe5 Ka2 85. Qe2+ Kb1 86. Qe1+ Kb2 87. Qe5+ Kc2 88. Qe2+ Kc1 89. Kh3 a3 90. Qe1+
Kb2 91. Qd2+ Qc2 92. Qd4+ Qc3 93. Qf2+ Kb3 94. Qb6+ Kc2 95. Qf2+ Qd2 96. Qc5+
Kb3 97. Qb6+ Ka2 98. Qe6+ Kb2 99. Qe5+ Kb1 100. Qe4+ Kc1 101. Qc4+ Qc2 102. Qf1+
Kb2 103. Qb5+ Qb3 104. Qe2+ Kc3 105. Qe3+ Kb2 106. Qe2+ Qc2 107. Qb5+ Kc1 108.
Qf1+ Qd1 109. Qc4+ Kb2 110. Qb5+ Kc3 111. Qc5+ Kb3 112. Qb5+ Ka2 113. Qc4+ Kb2
114. Qb5+ Ka1 115. Qe5+ Kb1 116. Qb5+ Kc1 117. Qc5+ Kb2 118. Qb5+ Qb3 119. Qe2+
Qc2 120. Qb5+ Kc1 121. Qf1+ Kd2 122. Qf4+ Kc3 123. Qe5+ Kb4 124. Qb8+ Ka4 125.
Qa8+ Kb3 126. Qb7+ Kc3 127. Qc6+ Kd2 128. Qg2+ Kc1 129. Qf1+ Qd1 130. Qc4+ Kb2
131. Qb5+ Ka1 132. Qe5+ Ka2 133. Qe6+ Kb1 134. Qb6+ Ka2 135. Qf2+ Kb3 136. Qb6+
Kc2 137. Qc5+ Kb2 138. Qb5+ Ka1 139. Qe5+ Ka2 140. Qe6+ Kb1 141. Qb6+ Ka1 142.
Qf6+ Ka2 143. Qf2+ Kb1 144. Qb6+ Ka2 1/2-1/2